| 000 | 00323 a2200121 4500 | ||
|---|---|---|---|
| 020 | _a0071158979 | ||
| 082 | _a620.11233 CHA | ||
| 100 | _aChakrabarty, J. | ||
| 245 |
_aTheory of Plasticity _cJ. Chakrabarty |
||
| 250 | _a2nd ed. | ||
| 260 |
_aSingapore : _bMc Graw Hill, _c1998 |
||
| 300 |
_avii, 804p. : _bill . ; _c26 cm |
||
| 650 | _aTheory of Plasticity | ||
| 999 |
_c816 _d816 |
||